| 000 | 01055nam a2200301 i 4500 | ||
|---|---|---|---|
| 001 | 000038605 | ||
| 003 | DO-SdBNP | ||
| 005 | 20240827123218.0 | ||
| 007 | ta | ||
| 008 | 110131t1991 dr ach 000 0dspa d | ||
| 040 |
_aDO-SdBNP _bspa _cBNPHU _erda |
||
| 041 | _aspa | ||
| 082 | 4 |
_a972.93053 _bG934u _222 |
|
| 100 |
_aGuerrero, Miguel, _d1945- _914303 _eautor |
||
| 245 | 1 | 4 |
_aLos últimos días de la Era de Trujillo / _cMiguel Guerrero. |
| 250 | _a5ª ed. | ||
| 264 | 4 |
_aSanto Domingo : _bEditora Corripio, _c©1991. |
|
| 300 |
_a374 páginas : _bilustraciones, retratos ; _c23 cm. |
||
| 336 |
_2rdacontent _atexto _btxt |
||
| 337 |
_2rdamedia _asin mediación _bn |
||
| 338 |
_2rdacarrier _avolumen _bnc |
||
| 500 | _aIncluye índice de nombres. | ||
| 504 | _aBibliografía : p. 349-351. | ||
| 600 | 1 | 0 |
_aTrujillo Molina, Rafael Leónidas, _d1891-1961 _xMuerte _910869 |
| 650 | 4 |
_aHomicidio político _zRepública Dominicana _911383 |
|
| 651 | 4 |
_aRepública Dominicana _xPolítica Y Gobierno _yERA DE TRUJILLO, 1930-1961 _91374 |
|
| 942 |
_2ddc _cLBS1 |
||
| 999 |
_c38095 _d38095 |
||